Vista normal Vista MARC

Entrada Topical Term

Número de registros utilizados en: 1

001 - CONTROL NUMBER

  • control field: 3880

003 - CONTROL NUMBER IDENTIFIER

  • control field: OSt

005 - DATE AND TIME OF LATEST TRANSACTION

  • control field: 20200504154918.0

008 - FIXED-LENGTH DATA ELEMENTS

  • fixed length control field: 200504|| aca||aabn | a|a d

040 ## - CATALOGING SOURCE

  • Original cataloging agency: OSt
  • Transcribing agency: OSt

150 ## - HEADING--TOPICAL TERM

  • Topical term or geographic name entry element: Vida social y costumbres

670 ## - SOURCE DATA FOUND

  • Source citation: Work cat.: (OSt)5259: Arrazola Caicedo, Roberto, autor 3878, Palenque, primer pueblo libre de América / , 1986